Los cuadernos de Malte Laurids Brigge / (Registro nro. 187326)

Detalles MARC
000 -LEADER
campo de control de longitud fija 00935nam a2200241 i 4500
001 - NÚMERO DE CONTROL
campo de control 187326
003 - IDENTIFICADOR DE NÚMERO DE CONTROL
campo de control SpMaBN
005 - FECHA Y HORA DE LA ÚLTIMA TRANSACCIÓN
campo de control 20260426162626.0
008 - DATOS DE LONGITUD FIJA--INFORMACIÓN GENERAL
campo de control de longitud fija 170602s1958 ag |||| |dspa d
080 ## - NÚMERO DE LA CLASIFICACIÓN DECIMAL UNIVERSAL
Número de la Clasificación Decimal Universal 821.112.2-94"19"
100 1# - ENTRADA PRINCIPAL--NOMBRE DE PERSONA
Nombre de persona Rilke, Rainer Maria,
Fechas asociadas al nombre 1875-1926
9 (RLIN) 97230
245 14 - MENCIÓN DEL TÍTULO
Título Los cuadernos de Malte Laurids Brigge /
Mención de responsabilidad, etc. Rainer Maria Rilke ; traducción de Francisco Ayala ; prólogo de Guillermo de Torre.
250 ## - MENCION DE EDICION
Mención de edición Ed. expresamente autorizada para la Biblioteca contemporánea.
260 ## - PUBLICACIÓN, DISTRIBUCIÓN, ETC.
Lugar de publicación, distribución, etc. Buenos Aires :
Nombre del editor, distribuidor, etc. Losada,
Fecha de publicación, distribución, etc. 1958.
300 ## - DESCRIPCIÓN FÍSICA
Extensión 202 p. ;
Dimensiones 18 cm.
490 1# - MENCIÓN DE SERIE
Mención de serie Biblioteca contemporánea
700 1# - ENTRADA AGREGADA--NOMBRE PERSONAL
Nombre de persona Ayala, Francisco,
Fechas asociadas al nombre 1906-2009
9 (RLIN) 24111
700 1# - ENTRADA AGREGADA--NOMBRE PERSONAL
Nombre de persona Torre, Guillermo de (
Fechas asociadas al nombre 1900-1971)
9 (RLIN) 110740
830 00 - PUNTO DE ACCESO ADICIONAL DE SERIE-TÍTULO UNIFORME
Título uniforme Biblioteca contemporánea (Losada)
9 (RLIN) 230032
852 ## - LOCALIZACIÓN
Ubicación ES-MaACL
Número de control de estantería L-31674
Donativo/Legado Donat. herederos de la bibl. de Mª del Pilar Costa Palacín
942 ## - ELEMENTOS DE ENTRADA SECUNDARIOS (KOHA)
Fuente del sistema de clasificación o colocación Clasificación decimal universal
Existencias
Estatus retirado Estado de pérdida Estado de daño No para préstamo Biblioteca de origen Biblioteca actual Ubicación en estantería Fecha de adquisición Fuente de adquisición Total de préstamos Signatura topográfica completa Código de barras Visto por última vez Precio de reemplazo Tipo de ítem Koha
        Biblioteca del Ateneo de Madrid Biblioteca del Ateneo de Madrid Depósito 2 02/06/2017     L-31674 1197692 23/02/2023 23/02/2023 Libro impreso